[Event "Toronto Battle of inv"]
[Site "Toronto CAN"]
[Date "2012.10.22"]
[Round "2"]
[White "Wilker, Marcus"]
[Black "Armstrong, Robert J"]
[Result "0-1"]
[WhiteElo "1633"]
[BlackElo "1652"]
[PlyCount "60"]
[GameId "2160767909411813"]
[EventDate "2012.10.15"]
[EventType "tourn"]
[EventRounds "7"]
[EventCountry "CAN"]
[SourceTitle "EXT 2022"]
[Source "ChessBase"]
[SourceDate "2021.10.06"]
[SourceVersion "1"]
[SourceVersionDate "2021.10.06"]
[SourceQuality "1"]

1. d4 g6 2. c4 Bg7 3. e4 d6 4. Nc3 Nf6 5. f3 O-O 6. Be3 Nc6 7. Qd2 e5 8. d5 Ne7 9. Nge2 Nd7 10. g4 f5 11. gxf5 gxf5 12. Bh6 f4 13. Bxg7 Kxg7 14. O-O-O Nf6 15. h4 Nh5 16. Bh3 Bxh3 17. Rxh3 Ng6 18. Rg1 Kh8 19. Nd1 Rg8 20. Nf2 Qe7 21. Ng4 Rg7 22. Qe1 Rf8 23. Nh6 Qf6 24. Rg5 Ng3 25. Nxg3 fxg3 26. Nf5 Nf4 27. Qxg3 Ne2+ 28. Kd1 Nxg3 29. Rgxg3 Rxg3 30. Rxg3 Qd8 0-1

[Event "Toronto Battle of inv"]
[Site "Toronto CAN"]
[Date "2012.12.10"]
[Round "2"]
[White "Bzikot, Robert"]
[Black "Dougherty, Michael"]
[Result "0-1"]
[WhiteElo "1940"]
[BlackElo "2275"]
[PlyCount "92"]
[GameId "2160767909411814"]
[EventDate "2012.10.15"]
[EventType "tourn"]
[EventRounds "7"]
[EventCountry "CAN"]
[SourceTitle "EXT 2022"]
[Source "ChessBase"]
[SourceDate "2021.10.06"]
[SourceVersion "1"]
[SourceVersionDate "2021.10.06"]
[SourceQuality "1"]

1. e4 c5 2. Nc3 e6 3. g3 d5 4. Bg2 d4 5. Nce2 Nc6 6. d3 e5 7. f4 exf4 8. Nxf4 Nf6 9. Nf3 Bg4 10. h3 Bxf3 11. Qxf3 Ne5 12. Qe2 Bd6 13. O-O O-O 14. g4 g5 15. Nd5 Nxd5 16. exd5 Ng6 17. Rf5 f6 18. Bd2 Qc7 19. Qe6+ Kg7 20. Re1 Nh4 21. Rff1 Bh2+ 22. Kh1 Rae8 23. Qxe8 Rxe8 24. Rxe8 Nxg2 25. Re2 Qg3 26. Rxg2 Qxh3 27. Be1 Bf4+ 28. Kg1 Qe3+ 29. Bf2 Qe5 30. Re1 Qxd5 31. b3 Qf3 32. Rf1 Qh3 33. Re1 Kf7 34. Re4 Qf3 35. Re1 Kg6 36. Rf1 Qh3 37. Re1 h5 38. gxh5+ Kxh5 39. Re2 Qf3 40. Be1 Be3+ 41. Kh1 Qf1+ 42. Kh2 Bf4+ 43. Bg3 Bxg3+ 44. Rxg3 Qxe2+ 45. Rg2 Qe5+ 46. Kh1 g4 0-1

[Event "Toronto Battle of inv"]
[Site "Toronto CAN"]
[Date "2012.10.29"]
[Round "3"]
[White "Armstrong, Robert J"]
[Black "Moran-Venegas, Mario"]
[Result "0-1"]
[WhiteElo "1652"]
[BlackElo "1757"]
[PlyCount "68"]
[GameId "2160767909411815"]
[EventDate "2012.10.15"]
[EventType "tourn"]
[EventRounds "7"]
[EventCountry "CAN"]
[SourceTitle "EXT 2022"]
[Source "ChessBase"]
[SourceDate "2021.10.06"]
[SourceVersion "1"]
[SourceVersionDate "2021.10.06"]
[SourceQuality "1"]

1. g3 Nf6 2. Bg2 d5 3. c4 e6 4. Qb3 Nc6 5. cxd5 Nxd5 6. Nc3 Nb6 7. d3 Bd7 8. Bf4 Nd4 9. Qd1 c6 10. Nf3 Nxf3+ 11. Bxf3 Nd5 12. Nxd5 exd5 13. e4 dxe4 14. dxe4 Be6 15. O-O Bb4 16. a3 Ba5 17. b4 Bb6 18. Qc2 O-O 19. Rfd1 Qc8 20. Rd2 Bg4 21. Qc3 Re8 22. Rad1 Bxf3 23. Qxf3 Qe6 24. e5 Re7 25. Bg5 Ree8 26. Rd7 h6 27. R1d6 Qa2 28. Qxf7+ Qxf7 29. Rxf7 Kxf7 30. Bf4 g5 31. Be3 Bxe3 32. fxe3 Rad8 33. Rxh6 Kg7 34. Rh5 Rxe5 0-1

[Event "Toronto Battle of inv"]
[Site "Toronto CAN"]
[Date "2012.10.29"]
[Round "3"]
[White "Uddin, Mohammad"]
[Black "Wilker, Marcus"]
[Result "1-0"]
[WhiteElo "1647"]
[BlackElo "1633"]
[PlyCount "77"]
[GameId "2160767909411816"]
[EventDate "2012.10.15"]
[EventType "tourn"]
[EventRounds "7"]
[EventCountry "CAN"]
[SourceTitle "EXT 2022"]
[Source "ChessBase"]
[SourceDate "2021.10.06"]
[SourceVersion "1"]
[SourceVersionDate "2021.10.06"]
[SourceQuality "1"]

1. e4 e6 2. d4 d5 3. Nd2 Nf6 4. e5 Nfd7 5. Bd3 c5 6. c3 Nc6 7. Ngf3 Qb6 8. O-O cxd4 9. cxd4 Nxd4 10. Nxd4 Qxd4 11. Nf3 Qb6 12. Qa4 Be7 13. Qg4 g6 14. a3 h5 15. Qa4 Kf8 16. b4 Qc7 17. Bf4 Nb6 18. Qb3 Bd7 19. Rac1 Qd8 20. Be3 g5 21. Nd4 Ba4 22. Qb2 Qd7 23. f4 g4 24. f5 Ke8 25. fxe6 fxe6 26. Nf5 Rf8 27. Ng7+ Kd8 28. Rxf8+ Bxf8 29. Bxb6+ axb6 30. Rc7 Qxg7 31. Rxg7 Bxg7 32. Qd4 Bc6 33. Qxb6+ Kd7 34. b5 Rxa3 35. bxc6+ bxc6 36. Qb7+ Kd8 37. Qb8+ Kd7 38. Qd6+ Kc8 39. Qxa3 1-0

[Event "Toronto Battle of inv"]
[Site "Toronto CAN"]
[Date "2012.12.17"]
[Round "3"]
[White "Dougherty, Michael"]
[Black "Longo, Tyler"]
[Result "0-1"]
[WhiteElo "2146"]
[BlackElo "1956"]
[PlyCount "68"]
[GameId "2160767909411818"]
[EventDate "2012.10.15"]
[EventType "tourn"]
[EventRounds "7"]
[EventCountry "CAN"]
[SourceTitle "EXT 2022"]
[Source "ChessBase"]
[SourceDate "2021.10.06"]
[SourceVersion "1"]
[SourceVersionDate "2021.10.06"]
[SourceQuality "1"]

1. d4 d5 2. Nf3 Nf6 3. c4 dxc4 4. e3 e6 5. Bxc4 c5 6. O-O a6 7. Nc3 b5 8. Bd3 cxd4 9. exd4 Bb7 10. Ne5 Be7 11. Re1 Nc6 12. Be3 Nd5 13. a4 b4 14. Nxd5 Nxe5 15. Nxe7 Nxd3 16. Qxd3 Qxe7 17. Bf4 Rd8 18. Qg3 O-O 19. Rad1 Rd5 20. Re5 Rc8 21. Rxd5 Bxd5 22. Be5 f6 23. Bd6 Qd7 24. Re1 Qxa4 25. h4 a5 26. h5 Qc2 27. h6 g5 28. f4 Qxb2 29. fxg5 Qxd4+ 30. Kh2 Rc3 31. Qf4 Qxf4+ 32. Bxf4 fxg5 33. Be5 Rc2 34. Rf1 Rxg2+ 0-1

[Event "Toronto Battle of inv"]
[Site "Toronto CAN"]
[Date "2012.11.05"]
[Round "4"]
[White "Bzikot, Robert"]
[Black "Armstrong, Robert J"]
[Result "1-0"]
[WhiteElo "1940"]
[BlackElo "1606"]
[PlyCount "71"]
[GameId "2160767909411819"]
[EventDate "2012.10.15"]
[EventType "tourn"]
[EventRounds "7"]
[EventCountry "CAN"]
[SourceTitle "EXT 2022"]
[Source "ChessBase"]
[SourceDate "2021.10.06"]
[SourceVersion "1"]
[SourceVersionDate "2021.10.06"]
[SourceQuality "1"]

1. e4 g6 2. d4 Bg7 3. f4 d6 4. Nf3 Nf6 5. Nc3 O-O 6. e5 dxe5 7. fxe5 Nd5 8. Ne4 Bf5 9. Ng3 Bg4 10. c4 Nb6 11. Bf4 Nc6 12. Be3 Qd7 13. Qd2 Rad8 14. O-O-O a5 15. h3 Bxf3 16. gxf3 a4 17. f4 f5 18. h4 Ra8 19. h5 Na5 20. Qc2 e6 21. hxg6 hxg6 22. Kb1 Rfd8 23. d5 exd5 24. Bxb6 cxb6 25. cxd5 Rdc8 26. Qh2 a3 27. Qh7+ Kf8 28. Qxg6 Qa4 29. Qxf5+ Kg8 30. Qe6+ Kf8 31. Qd6+ Kg8 32. Bd3 Qe8 33. Bh7+ Kh8 34. Bg6+ Kg8 35. Bxe8 Rxe8 36. Nf5 1-0

[Event "Toronto Battle of inv"]
[Site "Toronto CAN"]
[Date "2012.11.05"]
[Round "4"]
[White "Longo, Tyler"]
[Black "Wilker, Marcus"]
[Result "1-0"]
[WhiteElo "2065"]
[BlackElo "1633"]
[PlyCount "67"]
[GameId "2160767909411821"]
[EventDate "2012.10.15"]
[EventType "tourn"]
[EventRounds "7"]
[EventCountry "CAN"]
[SourceTitle "EXT 2022"]
[Source "ChessBase"]
[SourceDate "2021.10.06"]
[SourceVersion "1"]
[SourceVersionDate "2021.10.06"]
[SourceQuality "1"]

1. d4 Nf6 2. Nf3 e6 3. e3 b6 4. Bd3 Bb7 5. Nbd2 d5 6. b3 Nc6 7. a3 Ne7 8. Bb2 Nc8 9. Ne5 Nd6 10. c4 dxc4 11. Ndxc4 Nfe4 12. Qf3 Ke7 13. Nxd6 Nxd6 14. Nc6+ Bxc6 15. Qxc6 Rc8 16. Ba6 Qe8 17. Qf3 Rb8 18. Rc1 Qd7 19. O-O Kd8 20. Rfd1 h5 21. d5 e5 22. Bxe5 Be7 23. Bxg7 Rg8 24. Bf6 h4 25. Rd4 Rg6 26. Bxe7+ Kxe7 27. Rxh4 Nf5 28. Re4+ Kf8 29. Qh3 Qxd5 30. Qh8+ Rg8 31. Qe5 Qxe5 32. Rxe5 Nh4 33. Kh1 Rxg2 34. Re4 1-0

[Event "Toronto Battle of inv"]
[Site "Toronto CAN"]
[Date "2012.11.05"]
[Round "4"]
[White "Moran-Venegas, Mario"]
[Black "Uddin, Mohammad"]
[Result "0-1"]
[WhiteElo "1757"]
[BlackElo "1647"]
[PlyCount "88"]
[GameId "2160767909411822"]
[EventDate "2012.10.15"]
[EventType "tourn"]
[EventRounds "7"]
[EventCountry "CAN"]
[SourceTitle "EXT 2022"]
[Source "ChessBase"]
[SourceDate "2021.10.06"]
[SourceVersion "1"]
[SourceVersionDate "2021.10.06"]
[SourceQuality "1"]

1. e4 c6 2. d4 d5 3. exd5 cxd5 4. c4 Nf6 5. Nc3 Nc6 6. Nf3 Bg4 7. Be2 e6 8. cxd5 Nxd5 9. O-O Be7 10. h3 Bh5 11. a3 O-O 12. g4 Bg6 13. Qb3 Qb6 14. Qd1 Nxc3 15. bxc3 Rfd8 16. Be3 Qa5 17. Qb3 Qc7 18. Rad1 Be4 19. Ng5 Na5 20. Qa2 Bd5 21. Qb1 g6 22. a4 Qxc3 23. Bd2 Qc7 24. Rc1 Nc6 25. Nf3 Bf6 26. g5 Bg7 27. Be3 Qd7 28. Bb5 a6 29. Bxc6 Bxc6 30. Ne5 Bxe5 31. dxe5 Qd5 32. Rxc6 bxc6 33. f4 Rab8 34. Qe1 Rb3 35. Qc1 Qd3 36. Re1 Rdb8 37. Qxc6 Rb1 38. Bc1 Qxh3 39. Qc7 Qg3+ 40. Kf1 Qd3+ 41. Kg2 R8b3 42. Re3 Qd1 43. Kf2 Qd4 44. Ke2 Qxf4 0-1

[Event "Toronto Battle of inv"]
[Site "Toronto CAN"]
[Date "2012.11.19"]
[Round "5"]
[White "Armstrong, Robert J"]
[Black "Dougherty, Michael"]
[Result "0-1"]
[WhiteElo "1606"]
[BlackElo "2275"]
[PlyCount "72"]
[GameId "2160767909411823"]
[EventDate "2012.10.15"]
[EventType "tourn"]
[EventRounds "7"]
[EventCountry "CAN"]
[SourceTitle "EXT 2022"]
[Source "ChessBase"]
[SourceDate "2021.10.06"]
[SourceVersion "1"]
[SourceVersionDate "2021.10.06"]
[SourceQuality "1"]

1. g3 d5 2. Bg2 c6 3. c4 e6 4. Qb3 Na6 5. d4 Nf6 6. cxd5 exd5 7. Nc3 Bf5 8. a3 Qb6 9. Qxb6 axb6 10. Bd2 Nb4 11. O-O-O Be7 12. Nf3 h6 13. Bf4 Na6 14. h4 b5 15. b4 Nxb4 16. axb4 Bxb4 17. Kb2 O-O 18. Ra1 Bxc3+ 19. Kxc3 Ne4+ 20. Kb2 Nxf2 21. Rxa8 Rxa8 22. Ra1 Re8 23. Bf1 f6 24. Ng1 g5 25. hxg5 hxg5 26. Bc7 Kf7 27. Bg2 Ne4 28. Ra7 Bc8 29. Kc2 Re7 30. Bb8 b4 31. Bf1 Nc3 32. Kb3 Nb5 33. Ra4 Nxd4+ 34. Kb2 Nf5 35. Rxb4 Ne3 36. Bg2 Nxg2 0-1

[Event "Toronto Battle of inv"]
[Site "Toronto CAN"]
[Date "2012.11.19"]
[Round "5"]
[White "Uddin, Mohammad"]
[Black "Bzikot, Robert"]
[Result "1-0"]
[WhiteElo "1647"]
[BlackElo "1940"]
[PlyCount "65"]
[GameId "2160767909411824"]
[EventDate "2012.10.15"]
[EventType "tourn"]
[EventRounds "7"]
[EventCountry "CAN"]
[SourceTitle "EXT 2022"]
[Source "ChessBase"]
[SourceDate "2021.10.06"]
[SourceVersion "1"]
[SourceVersionDate "2021.10.06"]
[SourceQuality "1"]

1. e4 d6 2. d4 Nf6 3. Nc3 g6 4. Nf3 Bg7 5. Be2 O-O 6. O-O c6 7. a4 Qc7 8. Bf4 Nh5 9. Bg5 h6 10. Be3 e5 11. Qd2 Kh7 12. Rad1 Be6 13. dxe5 dxe5 14. Bc5 Re8 15. Bd6 Qa5 16. b4 Qd8 17. Nxe5 Qf6 18. f4 Na6 19. g4 Qh4 20. gxh5 gxh5 21. f5 Rg8 22. Kh1 Rad8 23. fxe6 Bxe5 24. Rxf7+ Bg7 25. Rg1 Kh8 26. Rgxg7 Qe1+ 27. Bf1 Qxf1+ 28. Rxf1 Rxg7 29. Qxh6+ Kg8 30. e7 Rxe7 31. Rg1+ Kf7 32. Qg7+ Ke6 33. Qxe7# 1-0

[Event "Toronto Battle of inv"]
[Site "Toronto CAN"]
[Date "2012.11.19"]
[Round "5"]
[White "Wilker, Marcus"]
[Black "Moran-Venegas, Mario"]
[Result "1-0"]
[WhiteElo "1649"]
[BlackElo "1808"]
[PlyCount "121"]
[GameId "2160767909411826"]
[EventDate "2012.10.15"]
[EventType "tourn"]
[EventRounds "7"]
[EventCountry "CAN"]
[SourceTitle "EXT 2022"]
[Source "ChessBase"]
[SourceDate "2021.10.06"]
[SourceVersion "1"]
[SourceVersionDate "2021.10.06"]
[SourceQuality "1"]

1. d4 Nf6 2. c4 g6 3. Nc3 d5 4. Qb3 dxc4 5. Qxc4 Bg7 6. e4 O-O 7. Be3 Nbd7 8. Rd1 Nb6 9. Qd3 Ng4 10. Bc1 c6 11. h3 Nf6 12. Nf3 Be6 13. b3 Qc7 14. Be2 Nh5 15. Qe3 Rad8 16. Ng5 Nf6 17. Nxe6 fxe6 18. Bf3 e5 19. dxe5 Qxe5 20. O-O Qc7 21. Ba3 Nc8 22. Ne2 Rxd1 23. Rxd1 b6 24. Qd3 c5 25. Qc4+ Kh8 26. b4 Nd6 27. Qc2 Nb5 28. Bb2 cxb4 29. Qxc7 Nxc7 30. e5 Nfe8 31. Rd7 e6 32. Ng3 a5 33. Ne4 Nd5 34. Ng5 Nf4 35. Bd4 h6 36. Ne4 Nxh3+ 37. Kh2 Ng5 38. Nxg5 hxg5 39. Be4 Kh7 40. Bxb6 Kh6 41. Bd4 g4 42. Bc2 g5 43. Re7 Rf4 44. Rxe6+ Nf6 45. exf6 Rxd4 46. fxg7+ Kxg7 47. Rg6+ Kf7 48. Rxg5 Kf6 49. Rxa5 Rd2 50. Bf5 Rxf2 51. Bxg4 Rb2 52. Bd1 Rd2 53. Bb3 Ke7 54. Rc5 Rd6 55. Rc4 Rb6 56. g4 Kf6 57. Kg3 Kg7 58. Kf4 Kg6 59. Ke4 Kg5 60. Kd5 Rb5+ 61. Rc5 1-0

[Event "Toronto Battle of inv"]
[Site "Toronto CAN"]
[Date "2012.11.26"]
[Round "6"]
[White "Bzikot, Robert"]
[Black "Wilker, Marcus"]
[Result "1-0"]
[WhiteElo "1940"]
[BlackElo "1633"]
[PlyCount "75"]
[GameId "2160767909411827"]
[EventDate "2012.10.15"]
[EventType "tourn"]
[EventRounds "7"]
[EventCountry "CAN"]
[SourceTitle "EXT 2022"]
[Source "ChessBase"]
[SourceDate "2021.10.06"]
[SourceVersion "1"]
[SourceVersionDate "2021.10.06"]
[SourceQuality "1"]

1. e4 e5 2. Nf3 Nc6 3. Bb5 a6 4. Ba4 Nf6 5. O-O Be7 6. Re1 b5 7. Bb3 d6 8. c3 O-O 9. h3 Na5 10. Bc2 c5 11. d4 Nd7 12. Nbd2 exd4 13. cxd4 Nc6 14. d5 Nce5 15. Nh2 Ng6 16. Ndf1 Nf6 17. f4 Bb7 18. Nf3 Re8 19. f5 Nf8 20. g4 N6d7 21. g5 Ne5 22. Nxe5 dxe5 23. Qg4 f6 24. h4 Nd7 25. Be3 Qc7 26. Rad1 Qd6 27. Re2 Bf8 28. Rg2 Rac8 29. Nh2 Rc7 30. Qh5 Re7 31. Kh1 a5 32. Rdg1 c4 33. Ng4 fxg5 34. hxg5 g6 35. Qh4 gxf5 36. Nh6+ Kh8 37. Nxf5 Qg6 38. d6 1-0

[Event "Toronto Battle of inv"]
[Site "Toronto CAN"]
[Date "2012.11.26"]
[Round "6"]
[White "Dougherty, Michael"]
[Black "Uddin, Mohammad"]
[Result "1-0"]
[WhiteElo "2275"]
[BlackElo "1647"]
[PlyCount "81"]
[GameId "2160767909411828"]
[EventDate "2012.10.15"]
[EventType "tourn"]
[EventRounds "7"]
[EventCountry "CAN"]
[SourceTitle "EXT 2022"]
[Source "ChessBase"]
[SourceDate "2021.10.06"]
[SourceVersion "1"]
[SourceVersionDate "2021.10.06"]
[SourceQuality "1"]

1. g3 d5 2. Bg2 Nf6 3. Nf3 g6 4. c4 Bg7 5. cxd5 Nxd5 6. O-O O-O 7. Nc3 Nxc3 8. bxc3 c5 9. Rb1 Nc6 10. Ng5 Qa5 11. a4 Qc7 12. Rb5 b6 13. d4 Ba6 14. dxc5 Bxb5 15. axb5 Rad8 16. Qc2 Na5 17. c6 Qe5 18. c4 Qc5 19. Qe4 Nxc4 20. Qh4 h6 21. Ne4 Qxb5 22. c7 Rc8 23. Qxe7 Rfe8 24. Nf6+ Bxf6 25. Qxf6 Qe5 26. Qh4 Qxc7 27. Bd5 Qe7 28. Qxh6 Qf6 29. Bg5 Qg7 30. Qh4 Nd6 31. e4 Qh7 32. Qf4 Nc4 33. Bf6 b5 34. Rb1 a6 35. h4 Nb6 36. Bb7 Rc4 37. Qd6 Na4 38. Bd5 Nc3 39. Bxc4 Nxb1 40. Bd5 Nc3 41. Bxc3 1-0

[Event "Toronto Battle of inv"]
[Site "Toronto CAN"]
[Date "2012.11.26"]
[Round "6"]
[White "Longo, Tyler"]
[Black "Moran-Venegas, Mario"]
[Result "1-0"]
[WhiteElo "2065"]
[BlackElo "1757"]
[PlyCount "79"]
[GameId "2160767909411829"]
[EventDate "2012.10.15"]
[EventType "tourn"]
[EventRounds "7"]
[EventCountry "CAN"]
[SourceTitle "EXT 2022"]
[Source "ChessBase"]
[SourceDate "2021.10.06"]
[SourceVersion "1"]
[SourceVersionDate "2021.10.06"]
[SourceQuality "1"]

1. d4 Nf6 2. Nf3 g6 3. b3 Bg7 4. Bb2 O-O 5. Nbd2 b6 6. e4 Bb7 7. Bd3 c5 8. e5 Nh5 9. Be4 Nc6 10. d5 Nb4 11. a3 Na6 12. O-O f5 13. exf6 Nxf6 14. c4 Nxe4 15. Bxg7 Nxd2 16. Bxf8 Nxf3+ 17. Qxf3 Qxf8 18. Qg4 Qf5 19. Qxf5 gxf5 20. Rae1 Re8 21. Re5 e6 22. Rd1 Re7 23. Rd3 Kf7 24. Rh3 Kf6 25. f4 Kg7 26. Rh5 Kf6 27. dxe6 dxe6 28. Rh6+ Kf7 29. Rxh7+ Ke8 30. Rh8+ Kd7 31. h4 Be4 32. g4 Rg7 33. g5 Nc7 34. h5 Ne8 35. h6 Re7 36. g6 Nf6 37. h7 Rg7 38. Rd8+ Kxd8 39. h8=Q+ Ne8 40. Rxe6 1-0

[Event "Toronto Battle of inv"]
[Site "Toronto CAN"]
[Date "2012.11.14"]
[Round "7"]
[White "Armstrong, Robert J"]
[Black "Longo, Tyler"]
[Result "0-1"]
[WhiteElo "1606"]
[BlackElo "2065"]
[PlyCount "66"]
[GameId "2160767909411832"]
[EventDate "2012.10.15"]
[EventType "tourn"]
[EventRounds "7"]
[EventCountry "CAN"]
[SourceTitle "EXT 2022"]
[Source "ChessBase"]
[SourceDate "2021.10.06"]
[SourceVersion "1"]
[SourceVersionDate "2021.10.06"]
[SourceQuality "1"]

1. g3 d5 2. Bg2 e5 3. c4 Nf6 4. Qb3 c6 5. cxd5 Nxd5 6. Nc3 Nxc3 7. bxc3 Qb6 8. Nf3 Qxb3 9. axb3 f6 10. Ba3 Be6 11. Bxf8 Rxf8 12. b4 Nd7 13. d4 e4 14. Nd2 f5 15. f4 b5 16. Kf2 Nb6 17. Rhc1 Kf7 18. e3 Na4 19. Bf1 Nb6 20. c4 a6 21. cxb5 cxb5 22. Rc6 Na4 23. Be2 Rfc8 24. Rac1 Rxc6 25. Rxc6 Ra7 26. Bd1 Nb2 27. Bc2 Ke7 28. Ke2 Kd7 29. Rc5 Rc7 30. d5 Bf7 31. Bb3 Rxc5 32. bxc5 Nd3 33. d6 Nc1+ 0-1

[Event "Toronto Battle of inv"]
[Site "Toronto CAN"]
[Date "2012.12.03"]
[Round "7"]
[White "Moran-Venegas, Mario"]
[Black "Bzikot, Robert"]
[Result "1-0"]
[WhiteElo "1757"]
[BlackElo "1940"]
[PlyCount "65"]
[GameId "2160767909411833"]
[EventDate "2012.10.15"]
[EventType "tourn"]
[EventRounds "7"]
[EventCountry "CAN"]
[SourceTitle "EXT 2022"]
[Source "ChessBase"]
[SourceDate "2021.10.06"]
[SourceVersion "1"]
[SourceVersionDate "2021.10.06"]
[SourceQuality "1"]

1. e4 c5 2. Nf3 Nc6 3. d4 cxd4 4. Nxd4 e5 5. Nb5 d6 6. c4 a6 7. N5c3 Nf6 8. Bd3 Be7 9. O-O Be6 10. Nd5 Bxd5 11. cxd5 Nb8 12. Be3 O-O 13. Nd2 Nbd7 14. b4 Ne8 15. Rc1 Bg5 16. Nc4 Bxe3 17. Nxe3 a5 18. a3 axb4 19. axb4 Qb6 20. Nf5 g6 21. Nh6+ Kg7 22. Qd2 Ra3 23. Rc4 Rxd3 24. Qxd3 Kxh6 25. Qh3+ Kg7 26. Qxd7 Nf6 27. Qa4 Nh5 28. Qa5 Qxa5 29. bxa5 Ra8 30. Ra1 Nf4 31. Rb4 Ne2+ 32. Kf1 Nd4 33. Rxb7 1-0

[Event "Toronto Battle of inv"]
[Site "Toronto CAN"]
[Date "2012.12.03"]
[Round "7"]
[White "Wilker, Marcus"]
[Black "Dougherty, Michael"]
[Result "0-1"]
[WhiteElo "1633"]
[BlackElo "2275"]
[PlyCount "54"]
[GameId "2160767909411834"]
[EventDate "2012.10.15"]
[EventType "tourn"]
[EventRounds "7"]
[EventCountry "CAN"]
[SourceTitle "EXT 2022"]
[Source "ChessBase"]
[SourceDate "2021.10.06"]
[SourceVersion "1"]
[SourceVersionDate "2021.10.06"]
[SourceQuality "1"]

1. d4 Nf6 2. c4 e6 3. Nc3 Bb4 4. Nf3 b6 5. Bg5 h6 6. Bh4 Bb7 7. e3 g5 8. Bg3 Ne4 9. Qb3 Bxc3+ 10. bxc3 h5 11. h3 d6 12. Nd2 Nxg3 13. fxg3 Nd7 14. e4 c5 15. Be2 Qf6 16. Bf3 cxd4 17. O-O Qe5 18. Rac1 Nc5 19. Qb5+ Ke7 20. cxd4 Qxd4+ 21. Rf2 g4 22. hxg4 hxg4 23. Bxg4 Rag8 24. Bh3 Rxg3 25. Nb3 Qe3 26. Nxc5 Qxc1+ 27. Kh2 Rhxh3+ 0-1

[Event "Toronto int."]
[Site "Toronto CAN"]
[Date "2012.07.15"]
[Round "1"]
[White "Birarov, Vladimir"]
[Black "Gerzhoy, Leonid"]
[Result "1-0"]
[WhiteElo "2264"]
[BlackElo "2459"]
[PlyCount "93"]
[GameId "2160767909442427"]
[EventDate "2012.07.15"]
[EventType "swiss"]
[EventRounds "7"]
[EventCountry "CAN"]
[SourceTitle "EXT 2022"]
[Source "ChessBase"]
[SourceDate "2021.10.06"]
[SourceVersion "1"]
[SourceVersionDate "2021.10.06"]
[SourceQuality "1"]

1. Nf3 d5 2. c4 e6 3. d4 Nf6 4. g3 Be7 5. Bg2 O-O 6. O-O dxc4 7. Na3 Bxa3 8. bxa3 Nc6 9. a4 Rb8 10. Ba3 Re8 11. Rc1 b6 12. Rxc4 Na5 13. Rc1 Bb7 14. e3 Be4 15. Qe2 Rc8 16. Ne5 Bxg2 17. Kxg2 Qd5+ 18. Kg1 c5 19. Qa6 Rc7 20. Bxc5 bxc5 21. Qxa5 Rec8 22. Rc4 Ne4 23. Rfc1 f6 24. Nd3 Ng5 25. Nf4 Nf3+ 26. Kh1 Qb7 27. Qb5 Qa8 28. d5 e5 29. Ne6 Re7 30. e4 Nd2 31. Rxc5 Rb8 32. Qxb8+ Qxb8 33. Rc8+ Qxc8 34. Rxc8+ Kf7 35. Nc5 Nc4 36. Kg2 Kg6 37. Kf3 f5 38. Rc6+ Kf7 39. exf5 e4+ 40. Kf4 e3 41. fxe3 Nxe3 42. d6 Nd5+ 43. Kf3 Re3+ 44. Kf2 Ra3 45. d7 Rxa2+ 46. Kf3 Ra3+ 47. Ke4 1-0

[Event "Toronto int."]
[Site "Toronto CAN"]
[Date "2012.07.15"]
[Round "1"]
[White "Calugar, Arthur"]
[Black "Sambuev, Bator"]
[Result "1-0"]
[WhiteElo "2404"]
[BlackElo "2542"]
[PlyCount "201"]
[GameId "2160767909442428"]
[EventDate "2012.07.15"]
[EventType "swiss"]
[EventRounds "7"]
[EventCountry "CAN"]
[SourceTitle "EXT 2022"]
[Source "ChessBase"]
[SourceDate "2021.10.06"]
[SourceVersion "1"]
[SourceVersionDate "2021.10.06"]
[SourceQuality "1"]

1. e4 e6 2. d4 d5 3. e5 c5 4. c3 Nc6 5. Nf3 Qb6 6. a3 Nh6 7. b4 cxd4 8. cxd4 Nf5 9. Bb2 Be7 10. Bd3 a5 11. Qa4 Nh4 12. Nxh4 Bxh4 13. Nd2 Bd7 14. b5 Nxe5 15. dxe5 Qxf2+ 16. Kd1 Bg5 17. Bc3 Rc8 18. Bxa5 b6 19. Qg4 Qe3 20. Bb4 Qxe5 21. Rb1 h5 22. Qe2 Qxe2+ 23. Bxe2 e5 24. a4 Bf5 25. Ra1 e4 26. a5 Bf6 27. Ra2 bxa5 28. Bxa5 d4 29. Nc4 Be6 30. Ra4 d3 31. Nd6+ Kd7 32. Nxc8 Rxc8 33. Rxe4 dxe2+ 34. Kxe2 Rc2+ 35. Kf3 Bg4+ 36. Kg3 Be7 37. Bb4 Bd8 38. Rd4+ Kc8 39. Re1 Be6 40. Red1 Bb6 41. R1d2 Rc1 42. R4d3 Rb1 43. Bc5 Ba5 44. Rd1 Rxb5 45. Bd6 Bb6 46. h3 Kb7 47. Bf4 g5 48. Be3 Bc7+ 49. Kf2 g4 50. h4 g3+ 51. Kg1 Bg4 52. Rc1 Bf5 53. Rdc3 Bd6 54. Rf1 Be6 55. Bf4 Bxf4 56. Rxf4 Rb1+ 57. Rf1 Rb4 58. Rxg3 Rxh4 59. Rc3 Rb4 60. Kh2 Kb6 61. Re1 Rb2 62. Rec1 Rb5 63. Rc6+ Kb7 64. R6c5 Kb6 65. Rc6+ Kb7 66. R1c5 Rb4 67. Rc2 Rh4+ 68. Kg1 Rb4 69. R6c5 h4 70. Kh2 Kb6 71. Re5 Rd4 72. Re3 Rb4 73. Re1 Bf5 74. Rf2 Be6 75. Rfe2 Bd5 76. Rc1 Be6 77. Rf2 f5 78. Kh3 f4+ 79. Kh2 Bd5 80. Rcf1 f3 81. gxf3 Rf4 82. Kg2 Rg4+ 83. Kh3 Rf4 84. Rb2+ Kc5 85. Kg2 Kd6 86. Re2 Rd4 87. Re3 Be6 88. f4 Bf5 89. Rf2 Rd5 90. Kf3 Bd7 91. Rh2 h3 92. Kg3 Bf5 93. Rxh3 Bxh3 94. Kxh3 Rd1 95. Kh4 Rg1 96. Kh5 Kd7 97. f5 Rg8 98. f6 Rf8 99. Kg6 Rg8+ 100. Kf7 Rh8 101. Rd3+ 1-0

[Event "Toronto int."]
[Site "Toronto CAN"]
[Date "2012.07.15"]
[Round "1"]
[White "Cohen, David"]
[Black "Whissell, Mavros"]
[Result "1-0"]
[WhiteElo "1904"]
[BlackElo "2139"]
[PlyCount "137"]
[GameId "2160767740551373"]
[EventDate "2012.07.15"]
[EventType "swiss"]
[EventRounds "7"]
[EventCountry "CAN"]
[TimeControl "5400+30"]

1. d4 d5 2. c4 c6 3. Nc3 Nf6 4. Nf3 dxc4 5. e4 b5 6. a3 Bb7 7. Bg5 Qa5 8. Bd2 Qb6 9. Be2 e6 10. O-O Nbd7 11. Re1 Be7 12. Rc1 O-O 13. Qc2 e5 14. Nxe5 Nxe5 15. dxe5 Nd7 16. Bf4 Bc5 17. Bg4 Rad8 18. Rcd1 Bc8 19. Qe2 Kh8 20. Rd2 f6 21. exf6 Nxf6 22. Rxd8 Bxf2+ 23. Qxf2 Qxf2+ 24. Kxf2 Nxg4+ 25. Kg3 Rxd8 26. e5 Rd3+ 27. Kh4 h6 28. e6 Nf6 29. Ne4 Rd4 30. Nxf6 Rxf4+ 31. Ng4 Kg8 32. Kg3 Rd4 33. h3 Bxe6 34. Rxe6 Rd2 35. Rxc6 Rxb2 36. Ne5 Rb3+ 37. Kf4 Rxa3 38. Kf5 Ra2 39. g4 Rf2+ 40. Ke4 Rh2 41. Rc8+ Kh7 42. Nc6 a6 43. Nb4 a5 44. Nc6 Rxh3 45. Nd4 Rh4 46. Kf5 Rh3 47. Nxb5 Rf3+ 48. Ke4 Rb3 49. Nd6 c3 50. Kf5 Rb6 51. Ne4 a4 52. Nxc3 Rf6+ 53. Ke5 a3 54. Ra8 Rg6 55. Kf4 Rf6+ 56. Kg3 Rd6 57. Rxa3 Rd3+ 58. Kf4 Rh3 59. Nb5 Rxa3 60. Nxa3 g5+ 61. Kf5 Kg7 62. Nc4 Kf7 63. Nd6+ Kg7 64. Ne8+ Kf7 65. Nf6 Kg7 66. Ke6 Kf8 67. Nh5 Kg8 68. Kf6 Kh7 69. Kf7 1-0